00337nam a2200109Ia 4500008004100000082000800041100002300049245003900072942000600111952009500117999001500212240331s9999 xx 000 0 und d bJAN aBhattacharya,R. ed 0aJanani mother daughters motherhood cL 001040708LaWERCLbWERCLcSSCd2024-03-31l0o 800 JANp6262r2024-03-31w2024-03-31yL c4487d4487